|
|
|
|
| LEADER |
01031nam a2200277 a 4500 |
| 001 |
000084511 |
| 003 |
CZ BrMZK |
| 005 |
20031103110343.0 |
| 008 |
010907s1995 xr f cze d |
| 020 |
|
|
|a 80-85526-47-6
|
| 040 |
|
|
|a BOA001
|b cze
|
| 080 |
|
|
|a 372.861.6(075.3)
|2 MRF
|
| 080 |
|
|
|a 616(075.3)
|2 MRF
|
| 100 |
1 |
|
|a Stříteský, Jan,
|c patolog
|4 aut
|
| 245 |
1 |
0 |
|a Patologie pro 2. ročník středních zdravotnických škol.
|n Díl 2 /
|c Jan Stříteský, Petr Halberstadt
|
| 250 |
|
|
|a 1. vyd.
|
| 260 |
|
|
|a Praha :
|b Scientia Medica,
|c 1995
|
| 300 |
|
|
|a 79 s. :
|b il., čb. a barev. fot. ;
|c 30 cm
|
| 490 |
1 |
|
|a Učebnice pro střední zdravotnické školy
|
| 653 |
0 |
|
|a patologie
|
| 700 |
1 |
|
|a Halberstadt, Petr
|7 xx0073786
|4 aut
|
| 830 |
|
0 |
|a Učebnice pro střední zdravotnické školy (Scientia Medica)
|
| 910 |
|
|
|a BOA001
|b PK-N-0032.545,2
|
| 964 |
|
|
|a Patologie
|x učebnice
|x školy střední
|
| 990 |
|
|
|a BK
|
| 996 |
7 |
|
|b 3119004295
|c PK-N-0032.545/2
|l MZK
|r Sklad / do 1 hodiny
|n 31
|p p.v.
|w 000084511
|u 000010
|a 1
|e BOA001
|j MZK50
|s A
|